000 nam a22 a 4500
999 _c1994
_d1994
003 AKMAL
005 20170512161604.0
008 170512s1999 my f00 may d
020 _a983982712X (kkt.)
040 _aAKMAL
_cAKMAL
082 0 4 _a351.595 PER
_221
090 0 0 _a351.595
_bPER
245 0 0 _aPerkhidmatan Awam Malaysia :
_bmenuju alaf baru; pembaharuan dan kemajuan dalam Perkhidmatan Awam 1999
260 _aPutrajaya :
_bUnit Pemodenan Tadbiran dan Perancangan Pengurusan Malaysia (MAMPU),
_c2000
300 0 0 _aix, 200ms. :
_bphoto. ;
_c22cm
650 0 _aCivil service
_xData processing
_zMalaysia
_94133
650 0 _aPublic administration
_xAutomation
_94134
650 0 _aTotal quality management in government
_zMalaysia
_94135
650 0 _aPersonnel management
_zMalaysia
_94136
710 1 _aMalaysia.
_bUnit Permodenan Tadbiran dan Perancangan Pengurusan
_94137
942 _2ddc
_cBOOK